000 00312nam a2200133Ia 4500
008 150201s2003 xx 000 0 und d
082 _a615
_bP03A
100 _aANTHONY
245 _aPHARMACOLOGY SECRETS
250 _a3RD
260 _bHANLEY ELSEVIER
_aDELHI
_c2003
650 _aPHARMACOLOGY
942 _2ddc
_cBK
_01
999 _c945
_d945